000
00307nam a2200109Ia 4500
008
160523s9999 xx 000 0 und d
245
_a
Psychology - Selected Papers
245
_c
Rossi, Gina
260
_c
2012
650
_x
Psychology.
856
_u
http://www.intechopen.com/books/psychology-selected-papers
999
_c
294804
_d
294804